Avatar, the last airbender: (Record no. 49803)
| 000 -LEADER | |
|---|---|
| fixed length control field | 00673nam a2200193 4500 |
| 020 ## - INTERNATIONAL STANDARD BOOK NUMBER | |
| International Standard Book Number | 9781616552978 |
| 100 ## - MAIN ENTRY--PERSONAL NAME | |
| Personal name | Luen Yang, Gene. |
| 9 (RLIN) | 86935 |
| 245 ## - TITLE STATEMENT | |
| Title | Avatar, the last airbender: |
| Remainder of title | The rift / |
| Statement of responsibility, etc | Gene Luen Yang. |
| 260 ## - PUBLICATION, DISTRIBUTION, ETC. (IMPRINT) | |
| Place of publication, distribution, etc | Milwaukie, OR: |
| Name of publisher, distributor, etc | Dark Horse Books; |
| Date of publication, distribution, etc | 2014. |
| 300 ## - PHYSICAL DESCRIPTION | |
| Extent | 75 p. |
| Other physical details | coloured illustrations. |
| Dimensions | 23 cm. |
| 490 ## - SERIES STATEMENT | |
| Series statement | Avatar, the last airbender - the rift; BK.3 |
| 650 ## - SUBJECT ADDED ENTRY--TOPICAL TERM | |
| Topical term or geographic name as entry element | Heroes. |
| Form subdivision | Comic strips. |
| 9 (RLIN) | 86928 |
| 655 ## - INDEX TERM--GENRE/FORM | |
| Genre/form data or focus term | Graphics. |
| 9 (RLIN) | 84628 |
| 700 ## - ADDED ENTRY--PERSONAL NAME | |
| Personal name | Gene Luen Yang. |
| 9 (RLIN) | 86922 |
| 700 ## - ADDED ENTRY--PERSONAL NAME | |
| Personal name | Konietzko, Bryan, |
| Relator code | artist. |
| 9 (RLIN) | 86924 |
| 700 ## - ADDED ENTRY--PERSONAL NAME | |
| Personal name | DiMartino, Michael Dante. |
| Relator code | letterer. |
| 9 (RLIN) | 86925 |
| 700 ## - ADDED ENTRY--PERSONAL NAME | |
| Personal name | Gurihiru, |
| Relator code | artist. |
| 9 (RLIN) | 84547 |
| 942 ## - ADDED ENTRY ELEMENTS (KOHA) | |
| Source of classification or shelving scheme | |
| Koha item type | Books/GRAPHICS |
| Withdrawn status | Lost status | Source of classification or shelving scheme | Damaged status | Not for loan | Collection code | Home library | Current library | Shelving location | Date acquired | Total Checkouts | Full call number | Barcode | Date last seen | Price effective from | Koha item type |
|---|---|---|---|---|---|---|---|---|---|---|---|---|---|---|---|
| SECONDARY | Asian Hope Secondary Library | Asian Hope Secondary Library | SECONDARY | 11/20/2025 | J GRAPHIX YAN THE RIFT BK.3 | 208803 | 01/16/2026 | 11/20/2025 | Books/GRAPHICS |